Жизнь Леонардо (Запис номер 115473)
[ съкратено ]
| 000 -Лидер | |
|---|---|
| Контролно поле с фиксирана дължина | 01602nam a2200373 c 4500 |
| 003 - Код на организацията, давaща контролен номер | |
| Контролно поле | BLK |
| 005 - Дата и час на последна редакция | |
| Контролно поле | 20180422110317.0 |
| 008 - Елементи от данни с фиксирана дължина | |
| fixed length control field | 180409b bul|||||r ||||||| ||bul|| |
| 010 ## - Наследен системен номер | |
| LC control number | KNG00120958000 |
| 040 ## - Източник на каталожния запис | |
| Идентификатор на билиотеката - собственик на записа | BLK |
| 041 ## - Код за език | |
| Код за езика на текст/звукозапис или на отделно заглавие | Руски |
| Код за езика КДБФ | Руски |
| 080 ## - УДК | |
| Текстов определител УДК | Живопис |
| УДК код - определител по УДК | 75 |
| УДК определител | (45)(092) |
| УДК - код + определител | 75(45)(092) |
| 080 ## - УДК | |
| Текстов определител УДК | Италиански архитект, изобретател, инженер, скулптор и художник от епохата на Ренесанса |
| УДК код - определител по УДК | 929 Леонардо да Винчи |
| УДК определител | |
| УДК - код + определител | 929 Леонардо да Винчи |
| 100 1# - Редна дума - Автор | |
| Автор | Нардини, Бруно |
| Авторска отговорност | първи автор |
| R(LIN) | 314142 |
| 139 ## - Редно поле | |
| Редна дума | Нардини, Бруно |
| Авторски знак | Лео - Л 46 |
| 245 10 - Сведения за заглавието | |
| Заглавие | Жизнь Леонардо |
| Подзаглавни данни | Фотокнига : Иллюстрации в основном из фильма Ренато Кастелани |
| Редно поле (дума) | Бруно Нардини; * Ренато Кастелани. |
| 257 ## - Страна на издаване | |
| Страна на създаване/издаване | Италия |
| 260 ## - Област на издателските данни | |
| -- | Москва |
| Име на издателя, разпространителя и проч. | Планета |
| Година на издаване | 1978 |
| 300 ## - Физическа характеристика | |
| Страници | 295 с., |
| Илюстрации и др. | с ил. |
| Размери/Мащаб | 28 см |
| 380 ## - Жанр | |
| Жанр | Изкуство |
| 500 ## - Общи забележки | |
| Забележка | Библиогр. с. 299. |
| 600 14 - Име на лице, използвано като предмет | |
| За него / За нея | Леонардо да Винчи |
| 9 (RLIN) | 364024 |
| 650 #4 - Допълнително описание по предмет – тема | |
| Основно описание – тема или топоним | Живопис, италианска |
| 9 (RLIN) | 294861 |
| 650 #4 - Допълнително описание по предмет – тема | |
| Основно описание – тема или топоним | Живопис - Италия |
| 9 (RLIN) | 278177 |
| 653 ## - Ключова дума – ненормативна | |
| Ключова дума | живопис |
| 653 ## - Ключова дума – ненормативна | |
| Ключова дума | Италия |
| 653 ## - Ключова дума – ненормативна | |
| Ключова дума | Леонардо да Винчи |
| 700 1# - Други автори (авторска отговорност) | |
| Лично име | Кастелани, Ренато |
| Автороска отговорност (Описва отношението между автора и произведението) | * |
| 9 (RLIN) | 314143 |
| 852 ## - Местоположение | |
| Форматна сигнатура | Цб ІІ 5721 |
| 856 4# - Електронен адрес и достъп | |
| Електронен формат | pdf - файл |
| Път до файла /url/ | |
| 856 4# - Електронен адрес и достъп | |
| Електронен формат | pdf - файл |
| Път до файла /url/ | |
| 942 ## - АРТИКУЛИ | |
| Вид на библиотечния материал | Книги |
| Скрит в OPAC | Не |
| 944 ## - СЪЗДАВАНЕ И РЕДАКЦИЯ на ЗАПИСА | |
| Създаване/Редакция | Създаване |
| Дата на регистрацията/редакция | 25.01.2011 |
| Статус, дата на статуса | добави в АБ / 24.01.2011 |
| Служител, извършил регистрацията/редакцията | Ирена_Линкова |
| 944 ## - СЪЗДАВАНЕ И РЕДАКЦИЯ на ЗАПИСА | |
| Създаване/Редакция | Редакция |
| Дата на регистрацията/редакция | 29.01.2014 |
| Статус, дата на статуса | добави в АБ / 24.01.2011 |
| Служител, извършил регистрацията/редакцията | |
| 999 ## - СИСТЕМНИ КОНТРОЛНИ НОМЕРА | |
| Koha biblionumber | 115473 |
| Koha biblioitemnumber | 115473 |
| Код за отписване | Код за изгубен артикул | Източник на класификационната схема | Код за повреда | Коз за рестрикции | Код за отдаване | Артикулен № | Име на библиотеката - собственик | Име на библиотеката, в която се намира в момента | Статус (Текущо местоположение) | Дата на вписване в системата | Местоположение - отдел | Цена в лева | Инвентарен номер | Систематично азбучна сигнатура | Баркод | Номер на екземпляра | Цена в евро | Служебна бележка | Служебен тип на артикула |
|---|---|---|---|---|---|---|---|---|---|---|---|---|---|---|---|---|---|---|---|
| Не е изгубен | Universal Decimal Classification | Не е повреден | без рестрикции | заемане за дома | 185468 | Регионална библиотека "Любен Каравелов" Русе | Регионална библиотека "Любен Каравелов" Русе | Отдел Изкуство - подръчен фонд | 1978-01-01 | Отдел Изкуство - подръчен фонд | 8.56 | 279111 | 75(092)/Л 46 | 120000279111 | 1 | 4.38 | N: стар фонд Дата: 01.01.1978 Дата инв: 08.06.2012 Бележки инв: * | Книги |